000 00431nam a2200205Ia 4500
001 13607
003 GE_BSU
008 181216s||||||||xx |||||||||||||| ||und||
020 _a9780007268498
040 _cGE_BSU
080 _a821.111-3
100 _aBarclay,Alex.
245 _aTime of Death.
260 _aLondon.
260 _bHarper.
260 _c2010
300 _a344p;18cm.
653 _aTime of Death.
942 _cBK
999 _c46763
_d46763